| 000 | 00713nam a22002657a 4500 | ||
|---|---|---|---|
| 999 |
_c3991 _d3991 |
||
| 003 | Nust | ||
| 005 | 20170105101617.0 | ||
| 008 | 161205b xxu||||| |||| 00| 0 eng d | ||
| 020 |
_a 978-8182741874 _cHbk |
||
| 020 |
_a 978-8182741874 _cHbk |
||
| 020 |
_a 978-8182741874 _cHbk |
||
| 020 |
_a 978-8182741874 _cHbk |
||
| 040 | _cNust | ||
| 041 | _heng | ||
| 082 |
_a658.3003 _bCHH |
||
| 100 | _aSuri and Chhabra | ||
| 245 | _aEncyclopedia of organisation and human resource management | ||
| 260 |
_aIndia: _bPentagon press, _c2006. |
||
| 300 | _axvi, (Vol 1-4) | ||
| 500 | _aEncyclopedia | ||
| 650 | _aEncyclopedia | ||
| 650 | _aOrganisation | ||
| 650 | _aHuman resource management | ||
| 942 |
_2ddc _cREF |
||